Statistics for 中島みゆき・『地上の星』の歌詞

Click here to take the quiz!

General Stats

  • This quiz has been taken 653 times
  • The average score is 36 of 51

Answer Stats

歌詞% Correct
97%
94%
すばる
93%
92%
地上
92%
92%
銀河
92%
何処
91%
91%
91%
91%
みんな
89%
行った
89%
こと
89%
つばめ
89%
なく
88%
88%
88%
88%
87%
87%
教えて
84%
から
82%
ある
81%
80%
だろう
80%
高い
80%
見送られる
78%
ペガサス
71%
71%
70%
見て
70%
68%
ばかり
68%
草原
65%
ビーナス
64%
街角
64%
いない
62%
覚えて
60%
見守られる
54%
44%
シリウス
41%
ジュピター
37%
追って
36%
もの
35%
掴む
35%
34%
水底
33%
名立たる
32%
輝く
31%
30%

Score Distribution

Percentile by Number Answered

Percent of People with Each Score

Your Score History

You have not taken this quiz